000 01479cam a22002174a 4500
005 20250605163936.0
008 250528s ||||||||||||||||||||||||d
035 _a14865
020 _a860919439
040 _aGR-AtMCL
_bgre
_dGR-AtMCL
_eAACR2
245 1 _aResources of Hope / Culture, Democracy, Socialism
250 _a1st
260 _bVerso,
_c1989
300 _a336
520 _aThis valuable collection confirms Raymond Williams as a thinker of rare versatility and one of the outstanding intellectuals of our century. Acknowledgements, Introduction, Defining a Democratic Culture, Culture is Ordinary, Communications and Community, The Idea of a Common Culture, State and Administration and the Arts, The Arts Council, Solidarity and Commitment, Why Do I Demonstrate?, The Writer: Commitment and Alignment, Art: Freedom as Duty, Resources of Class and Community, Welsh Culture, The Social Significance of 1926, The Importance of Community, Beyond Laborism, The British Left, Ideas and the Labor Movement, An Alternative Politics, Problems of the Coming Period, Socialists and Coalitionists, The Challenge of the New Social Movements, Socialism and Ecology, Between Country and City, Redefining Socialist Democracy, Democracy and Parliament, Hesitations Before Socialism, The Practice of Possibility, Selected Bibliography, Index.
700 1 _aBlackburn Robin
_9641
700 1 _aWilliams Raymond
_9642
942 _cBK
999 _c476
_d476